| 000 | 00534nam a22002177a 4500 | ||
|---|---|---|---|
| 003 | OSt | ||
| 005 | 20140310184315.0 | ||
| 008 | 121112t xxu||||| |||| 00| 0 eng d | ||
| 020 | _a9780439683869 | ||
| 050 |
_aPZ 7 _b.H412 2004 |
||
| 100 |
_aHay, Seek. _923085 |
||
| 245 |
_aThe hunted / _cSeek Hay. |
||
| 260 |
_aNew York : _bScholastic Inc., _c2004 |
||
| 300 |
_a24 p. : _bill. ; _c20 cm. |
||
| 521 | _aG3 | ||
| 526 | _c540 | ||
| 562 | _e1 | ||
| 650 |
_aHorror _xFiction _923438 |
||
| 942 |
_2lcc _cBK-SCHOLAS |
||
| 999 |
_c33559 _d33559 |
||